Statistics for Iceland - Hungary UEFA Euro 2016

Click here to take the quiz!

General Stats

  • This quiz has been taken 23 times
  • The average score is 13 of 31

Answer Stats

Answer% Correct
Ádám Szalai
80%
Gábor Király
80%
Zoltán Gera
75%
Balázs Dzsudzsák
70%
Gylfi Sigurðsson ¹
70%
Ragnar Sigurðsson
70%
Bernd Storck
55%
Ádám Nagy
50%
Dániel Böde
50%
László Kleinheisler
50%
Roland Juhász
50%
Tamás Kádár
50%
Zoltán Stieber
50%
Nemanja Nikolić
40%
Richárd Guzmics
40%
Tamás Priskin
40%
Ádám Lang
35%
Alfreð Finnbogason
35%
Aron Gunnarsson
35%
Birkir Bjarnason
35%
Jóhann Guðmundsson
35%
Kári Árnason
35%
Kolbeinn Sigþórsson
30%
Ari Skúlason
25%
Hannes Halldórsson
25%
Eiður Guðjohnsen
20%
Jón Böðvarsson
20%
Birkir Sævarsson
15%
Emil Hallfreðsson
10%
Heimir Hallgrímsson
10%
Lars Lagerbäck
10%

Score Distribution

Percentile by Number Answered

Percent of People with Each Score

Your Score History

You have not taken this quiz